| 000 -LEADER |
| fixed length control field |
00441cam a22001097a 4500 |
| 008 - FIXED-LENGTH DATA ELEMENTS--GENERAL INFORMATION |
| fixed length control field |
180718b1979 xxu||||| |||| 00| 0 eng d |
| 082 ## - DEWEY DECIMAL CLASSIFICATION NUMBER |
| Classification number |
B136x5434 R137s |
| 245 ## - TITLE STATEMENT |
| Title |
Samagra gram vikas yojana: a pilot study of Chimanpura - Ananthpur, Panchayat Samiti - Govindgarh (district-Jaipur) |
| Statement of responsibility, etc. |
Special Schemes Organisation |
| 260 ## - PUBLICATION, DISTRIBUTION, ETC. |
| Place of publication, distribution, etc. |
Jaipur |
| Name of publisher, distributor, etc. |
Special Schemes Organisation |
| Date of publication, distribution, etc. |
1979 |
| 300 ## - PHYSICAL DESCRIPTION |
| Extent |
100+p. |
| 700 ## - ADDED ENTRY--PERSONAL NAME |
| Personal name |
Rajasthan. Special Schemes Organisation |